Trần Hưng Đạo (1228 - 1300)

Giới thiệu gia thế và những chiến công lẫy lừng của danh tướng Trần Hưng Đạo

Αποθηκεύτηκε σε:
Λεπτομέρειες βιβλιογραφικής εγγραφής
Κύριος συγγραφέας: Hoàng, Thúc Trâm
Μορφή: Βιβλίο
Γλώσσα:Undetermined
Έκδοση: H. Dân trí 2014
Θέματα:
Διαθέσιμο Online:http://lrc.tdmu.edu.vn/opac/search/detail.asp?aID=2&ID=23213
Ετικέτες: Προσθήκη ετικέτας
Δεν υπάρχουν, Καταχωρήστε ετικέτα πρώτοι!
Thư viện lưu trữ: Trung tâm Học liệu Trường Đại học Thủ Dầu Một
LEADER 00808nam a2200205Ia 4500
001 TDMU_23213
008 210410s9999 xx 000 0 und d
082 |a 959.7 024092 
090 |b H407 
100 |a Hoàng, Thúc Trâm 
245 0 |a Trần Hưng Đạo (1228 - 1300) 
245 0 |c Hoàng Thúc Trâm 
260 |a H. 
260 |b Dân trí 
260 |c 2014 
300 |a 155tr. 
520 |a Giới thiệu gia thế và những chiến công lẫy lừng của danh tướng Trần Hưng Đạo 
650 |a Nhân vật lịch sử  |z Việt Nam; Lịch sử trung đại  |z Việt Nam; Trần Hưng Đạo 
856 |u http://lrc.tdmu.edu.vn/opac/search/detail.asp?aID=2&ID=23213 
980 |a Trung tâm Học liệu Trường Đại học Thủ Dầu Một